| 000 -LEADER |
| fixed length control field |
00577nam a22001457a 4500 |
| 020 ## - INTERNATIONAL STANDARD BOOK NUMBER |
| ISBN |
9783031565489 |
| 082 ## - DEWEY DECIMAL CLASSIFICATION NUMBER |
| Classification number |
650.072 |
| Item number |
M895 2024 |
| 100 ## - MAIN ENTRY--AUTHOR NAME |
| Personal name |
Moschis, George P., author. |
| 245 ## - TITLE STATEMENT |
| Title |
Academic research in business and the social sciences : a guidebook for early career researchers / Moschis, George P., |
| 260 ## - PUBLICATION, DISTRIBUTION, ETC. (IMPRINT) |
| Place of publication |
Gewerbestrasse, Switzerland : |
| Name of publisher |
Springer Nature, |
| Year of publication |
©2024. |
| 300 ## - PHYSICAL DESCRIPTION |
| Number of Pages |
1 online resource, xx, 374 pages : |
| Other physical details |
illustrations. |
| 500 ## - GENERAL NOTE |
| General note |
Includes bibliographical references and index. |
| 650 ## - SUBJECT ADDED ENTRY--TOPICAL TERM |
| Topical Term |
Business & Economics -- Management |
| 942 ## - ADDED ENTRY ELEMENTS (KOHA) |
| Koha item type |
Electronic Books |